000 nam a22 a 4500
999 _c341795
_d341795
003 BLK
005 20210731113756.0
008 180911b bul|||||r ||||||| ||bul||
010 _a001425
040 _aBLK
041 _aBUL
_cBUL
080 _aБългарска литература(изследвания)
_b821.163.2.09
_z821.163.2.09
100 _aКръстев, Кръстю Котов
_eпърви автор
_9378793
139 _aКръстев, Кръстю Котов
245 0 0 _aЛитературни и философски студии
_cКръстю Котов Кръстев
260 _aПловдив
_bкниж. Ив. Игнатов
_c1898
_fСофия : Вълков
300 _a273, III с., 3 л
_bпортр.
_c21 см
380 _a82
490 _aЧастна колекция - Академик Михаил Арнаудов
_gДарение - Основен фонд
490 _aКолекция Редки и ценни издания
_9435080
500 _aМихаил Арнаудов: подпис. - Автограф с текст: На Симеон П. Арнаудов - ученик в V клас, М. Арнаудов, 28. III.
650 _aКритика
_9159735
650 _aТеория
_9173474
655 _aбългарско литературознание
_9396216
700 1 _aК. Кръстев
_9397042
852 _aМА 502
_bМА
852 _aРб 898
_bРц
942 _cKNG
_n0
_s1
944 _aCR
_c1995
_kValK
944 _aED
_c2021-07-31
_kХристина Везирева
999 _d341795
999 _d341795
999 _d341795
999 _d341795